| 000 | 00427nam a2200169Ia 4500 | ||
|---|---|---|---|
| 008 | 180207s9999 xx 000 0 und d | ||
| 020 | _a9781846863059 | ||
| 050 | _bK691 2008 | ||
| 245 | _aKnic knack paddy whack / | ||
| 245 | _cillustrated by Christiane Engel. | ||
| 260 | _aGreat Britain : | ||
| 260 | _bBarefoot Books, | ||
| 260 | _c2008 | ||
| 300 | _aunpaged : | ||
| 300 | _bcolor illustrations ; | ||
| 300 | _c24cm. | ||
| 999 |
_c355833 _d355833 |
||